000 00653nam a2200301Ia 4500
005 20260401122302.0
008 008 250103s9999 xx 000 0 eng d
020 _a791078957
037 _aTB
040 _aEDL
040 _beng
040 _cEDL
041 _2eng
041 _aeng
084 _a945.05 BLO
084 _qEDL
100 _aBloom, Harold
_91233083
245 0 _aItalian Renaissance
245 0 _cBloom, Harold
260 _aBroomall
260 _bChelsea House Publishers
260 _c2004
300 _a420p
942 _cTB
942 _h945.05 BLO
999 _c1846230
_d1846230